000
00258 a2200097 4500
001
48508
100
_a
Janis, J.H
245
_a
New standard reference for secretaries and administrative assistants
260
_a
New York
_b
Macmillan
_c
090
_c
31444
_d
31444
942
_a
NUST-CAE
_c
M
_c
23830
999
_c
283581
_d
283581